The big short / (Record no. 22430)

000 -LEADER
fixed length control field 01114nam a22002537a 4500
007 - PHYSICAL DESCRIPTION FIXED FIELD--GENERAL INFORMATION
fixed length control field 20260414000000.0
008 - FIXED-LENGTH DATA ELEMENTS--GENERAL INFORMATION
fixed length control field 260414b xxu||||| |||| 00| 0 eng d
040 ## - CATALOGING SOURCE
Transcribing agency Cagayan State University
050 ## - LIBRARY OF CONGRESS CALL NUMBER
Classification number 332.722
Item number
082 ## - DEWEY DECIMAL CLASSIFICATION NUMBER
Classification number 791.4372
Item number B548
245 ## - TITLE STATEMENT
Title The big short /
Statement of responsibility, etc directed by Adam McKay ; produced by Dede Gardner, Jeremy Kleiner, Arnon Milchan ; written by Charles Randolph, Adam Mckay, Michael Lewis
260 ## - PUBLICATION, DISTRIBUTION, ETC. (IMPRINT)
Place of publication, distribution, etc United States :
Name of publisher, distributor, etc Paramount Pictures,
Date of publication, distribution, etc 2015.
300 ## - PHYSICAL DESCRIPTION
Extent 1 videodisc (130 min.) :
Other physical details sound, color.
520 ## - SUMMARY, ETC.
Summary, etc When four outsiders saw what the big banks, media and government refused to, the global collapse of the economy, they had an idea: the big
short. Their bold investment leads them into the dark underbelly of modern banking where they must question everyone and
everything.
546 ## - LANGUAGE NOTE
Language note In English subtitle.
650 ## - SUBJECT ADDED ENTRY--TOPICAL TERM
Topical term or geographic name as entry element Drama.
650 ## - SUBJECT ADDED ENTRY--TOPICAL TERM
Topical term or geographic name as entry element History
650 ## - SUBJECT ADDED ENTRY--TOPICAL TERM
Topical term or geographic name as entry element Comedy.
700 ## - ADDED ENTRY--PERSONAL NAME
Personal name McKay, Adam, director, writer.
700 ## - ADDED ENTRY--PERSONAL NAME
Personal name Gosling, Ryan, star.
700 ## - ADDED ENTRY--PERSONAL NAME
Personal name Carell, Steve, star.
700 ## - ADDED ENTRY--PERSONAL NAME
Personal name Bale, Christian, star.
942 ## - ADDED ENTRY ELEMENTS (KOHA)
Source of classification or shelving scheme
Item type Audio-Visual Materials
Holdings
Price effective from Permanent location Date last seen Not for loan Date acquired Source of classification or shelving scheme Koha item type Collection code Shelving location Damaged status Lost status Withdrawn status Current location Full call number
2026-04-15Cagayan State University - Carig Library2026-04-15 2026-04-15 Audio-Visual MaterialsElectronic Media CenterElectronic Media Center   Cagayan State University - Carig Library791.4372 B548

Cagayan State University University Library, Carig Campus
Tuguegarao City, Cagayan 3500 | www.csucarig.edu.ph

Powered by Koha